Meeting of minds: A book review, A commentary (notice n° 1531474)
[ vue normale ]
| 000 -LEADER | |
|---|---|
| fixed length control field | 00493cam a2200145 4500500 |
| 005 - DATE AND TIME OF LATEST TRANSACTION | |
| control field | 20251012014615.0 |
| 041 ## - LANGUAGE CODE | |
| Language code of text/sound track or separate title | fre |
| 042 ## - AUTHENTICATION CODE | |
| Authentication code | dc |
| 100 10 - MAIN ENTRY--PERSONAL NAME | |
| Personal name | Peiro, Mickael |
| Relator term | author |
| 245 00 - TITLE STATEMENT | |
| Title | Meeting of minds: A book review, A commentary |
| 260 ## - PUBLICATION, DISTRIBUTION, ETC. | |
| Date of publication, distribution, etc. | 2025.<br/> |
| 500 ## - GENERAL NOTE | |
| General note | 83 |
| 786 0# - DATA SOURCE ENTRY | |
| Note | Responsible Organization Review | 20 | 1 | 2025-03-01 | p. 23-32 | 1951-0187 |
| 856 41 - ELECTRONIC LOCATION AND ACCESS | |
| Uniform Resource Identifier | <a href="https://shs.cairn.info/journal-responsible-organization-review-2025-1-page-23?lang=en&redirect-ssocas=7080">https://shs.cairn.info/journal-responsible-organization-review-2025-1-page-23?lang=en&redirect-ssocas=7080</a> |
Pas d'exemplaire disponible.




Réseaux sociaux